[Event "N1 Reykjavik Open 2014"]
[Site "Reykjavik, Iceland"]
[Date "2014.03.04"]
[Round "1.1"]
[White "Naiditsch, Arkadij"]
[Black "Thorsteinsdottir, Gudlaug"]
[Result "1-0"]
[WhiteElo "2706"]
[BlackElo "2056"]
[EventDate "2014.03.04"]
[PlyCount "0"]

1.e4 c5 2.Nf3 e6 3.d4 cxd4 4.Nxd4 a6 5.Bd3 Qc7 6.O-O Nf6 7.Kh1 Nc6 8.Nxc6 
dxc6 9.f4 h5 10.e5 Ng4 11.Nc3 Bd7 12.a4 a5 13.Ne4 Be7 14.Qe2 f5 15.Nd2 Bc5
16.Nc4 b5 17.Nd6+ Kf8 18.Bd2 Qb6 19.axb5 Bxd6 20.exd6 cxb5 21.Bxf5 Qxd6 
22.Be4 Rc8 23.Bxa5 Bc6 24.Rad1 Qc5 25.Bxc6 Qxc6 26.Bc3 Rh6 27.Rd3 Kg8 28.
h3 Nf6 29.Bxf6 Rxf6 30.Rc3 Qb7 31.Qxh5 Rxc3 32.bxc3 Qe4 33.Qxb5 Rxf4 34.
Qb8+ 1-0

[Event "N1 Reykjavik Open 2014"]
[Site "Reykjavik, Iceland"]
[Date "2014.03.04"]
[Round "1.3"]
[White "Berkes, Ferenc"]
[Black "Karlsson, Mikael Johann"]
[Result "1-0"]
[WhiteElo "2687"]
[BlackElo "2051"]
[EventDate "2014.03.04"]
[PlyCount "0"]

1.d4 d5 2.c4 c6 3.Nc3 Nf6 4.e3 e6 5.Bd2 Nbd7 6.cxd5 exd5 7.Bd3 Bd6 8.Nge2 
O-O 9.O-O Re8 10.f3 Nf8 11.Kh1 Nh5 12.Qe1 c5 13.Qf2 Be6 14.Rac1 b6 15.Bb5 
Bd7 16.Bxd7 Qxd7 17.g4 Nf6 18.g5 Nh5 19.Qh4 g6 20.Nxd5 Qb5 21.Ng3 Bxg3 22.
hxg3 cxd4 23.e4 Rad8 24.Nc7 Qxb2 25.Nxe8 Rxe8 26.Rf2 Qxa2 27.Kg2 Qb3 28.
Qh1 Ne6 29.Qf1 Qa3 30.Qb5 Rd8 31.Qe5 Nc5 32.Qe7 Rf8 33.Rh1 Qa4 34.g4 Ng7 
35.Qd6 Nge6 36.Qh2 Rd8 37.Qxh7+ Kf8 38.Qh8+ Ke7 39.Qf6+ Ke8 40.Rh8+ 1-0

[Event "N1 Reykjavik Open 2014"]
[Site "Reykjavik, Iceland"]
[Date "2014.03.04"]
[Round "1.5"]
[White "Amin, Bassem"]
[Black "Runarsson, Gunnar"]
[Result "1-0"]
[WhiteElo "2657"]
[BlackElo "2048"]
[EventDate "2014.03.04"]
[PlyCount "0"]

1.e4 c6 2.d4 d5 3.exd5 cxd5 4.c4 Nf6 5.Nc3 e6 6.Nf3 Be7 7.cxd5 exd5 8.Bd3 
O-O 9.h3 Nc6 10.O-O Qb6 11.Re1 h6 12.Bf4 Be6 13.Qd2 Rfe8 14.Bxh6 gxh6 15.
Qxh6 Nxd4 16.Re5 Bf5 17.Bxf5 Nxf3+ 18.gxf3 Qxb2 19.Rae1 Qxc3 20.Rxe7 Rxe7 
21.Rxe7 Rf8 22.Re3 Qa1+ 23.Kg2 Rd8 24.f4 Ne4 25.Bh7+ Kh8 26.Bg6+ 1-0

[Event "N1 Reykjavik Open 2014"]
[Site "Reykjavik, Iceland"]
[Date "2014.03.04"]
[Round "1.7"]
[White "Kobalia, Mikhail"]
[Black "Raddatz, Michael"]
[Result "1-0"]
[WhiteElo "2646"]
[BlackElo "2044"]
[EventDate "2014.03.04"]
[PlyCount "0"]

1.e4 c5 2.Nf3 Nc6 3.Bb5 Nf6 4.Bxc6 dxc6 5.d3 g6 6.h3 Bg7 7.Nc3 O-O 8.Be3 
b6 9.Qd2 Qc7 10.Bf4 Qb7 11.Bh6 b5 12.h4 Bg4 13.Nh2 Be6 14.h5 Rfd8 15.hxg6 
fxg6 16.Bxg7 Kxg7 17.Nf3 h5 18.Qg5 c4 19.Ne2 cxd3 20.cxd3 Qc7 21.Nf4 Bf7 
22.Nh4 Nh7 23.Nf5+ Kh8 24.Nxg6+ Bxg6 25.Qxg6 Rg8 26.Qxh5 e6 27.Nh6 Rg7 28.
Ng4 Qf4 29.Ne5 Qf6 30.Rh3 Rag8 31.Rf3 Rg5 32.Nf7+ 1-0

[Event "N1 Reykjavik Open 2014"]
[Site "Reykjavik, Iceland"]
[Date "2014.03.04"]
[Round "1.9"]
[White "Gajewski, Grzegorz"]
[Black "Frick, Renato"]
[Result "1-0"]
[WhiteElo "2631"]
[BlackElo "2038"]
[EventDate "2014.03.04"]
[PlyCount "0"]

1.Nf3 Nf6 2.g3 d5 3.Bg2 c5 4.b3 Nc6 5.Bb2 Qd6 6.d3 e5 7.Nbd2 Be6 8.O-O Be7
9.e4 dxe4 10.Nxe4 Nxe4 11.dxe4 Qxd1 12.Raxd1 f6 13.Nh4 O-O 14.Nf5 Rfd8 15.
Ne3 Rxd1 16.Rxd1 Rd8 17.Nd5 Kf7 18.c3 g5 19.Bf3 Bd6 20.h3 Kg6 21.Bg4 Bf7 
22.Ba3 h5 23.Bf5+ Kg7 24.Ne3 b5 25.Bc8 Bg6 26.Bb7 Na5 27.Ba6 b4 28.cxb4 
cxb4 29.Bxb4 Bc7 30.Rxd8 Bxd8 31.Bc5 Bxe4 32.b4 Nc6 33.Bb7 f5 34.Nxf5+ 
Bxf5 35.Bxc6 a6 36.Kg2 Bd3 37.a4 Bc2 38.a5 Bd3 39.Bb6 Be7 40.b5 Kf6 41.Be3
Ke6 42.b6 Kd6 43.b7 Kc7 44.Ba7 1-0

[Event "N1 Reykjavik Open 2014"]
[Site "Reykjavik, Iceland"]
[Date "2014.03.04"]
[Round "1.10"]
[White "Hardarson, Jon Trausti"]
[Black "Rozentalis, Eduardas"]
[Result "0-1"]
[WhiteElo "2033"]
[BlackElo "2623"]
[EventDate "2014.03.04"]
[PlyCount "0"]

1.d4 Nf6 2.c4 e6 3.Nc3 Bb4 4.Qc2 O-O 5.a3 Bxc3+ 6.Qxc3 b6 7.Bg5 Ba6 8.e3 
d6 9.Ne2 Nbd7 10.Qc2 c5 11.Nc3 cxd4 12.exd4 Qc8 13.Qa4 Re8 14.Be2 d5 15.
Nb5 Ne4 16.Bf4 e5 17.dxe5 Nxe5 18.O-O dxc4 19.Nc7 Qxc7 20.Qxa6 Rac8 21.
Rac1 Nc5 22.Qb5 a6 23.Qb4 b5 24.Bxe5 Qxe5 0-1

[Event "N1 Reykjavik Open 2014"]
[Site "Reykjavik, Iceland"]
[Date "2014.03.04"]
[Round "1.11"]
[White "Van Kampen, Robin"]
[Black "Baldursson, Haraldur"]
[Result "1-0"]
[WhiteElo "2603"]
[BlackElo "2027"]
[EventDate "2014.03.04"]
[PlyCount "0"]

1.e4 c5 2.Nf3 d6 3.d4 cxd4 4.Nxd4 Nf6 5.Nc3 a6 6.h3 e6 7.g4 Be7 8.g5 Nfd7 
9.h4 Nc6 10.Be3 Qc7 11.Be2 b5 12.Nxc6 Qxc6 13.Qd4 f6 14.O-O-O Ne5 15.gxf6 
gxf6 16.Rhg1 Nc4 17.Bh6 Bb7 18.Rg7 Rc8 19.Bxc4 bxc4 20.Rdg1 Qd7 21.Rxe7+ 
Qxe7 22.Rg7 Qf8 23.Qb6 Bc6 24.Qxa6 Bd7 25.Nb5 f5 26.Nxd6+ Kd8 27.Qb7 Rc7 
28.Bg5+ 1-0

[Event "N1 Reykjavik Open 2014"]
[Site "Reykjavik, Iceland"]
[Date "2014.03.04"]
[Round "1.13"]
[White "Carlsen, Henrik"]
[Black "Grandelius, Nils"]
[Result "0-1"]
[WhiteElo "2027"]
[BlackElo "2600"]
[EventDate "2014.03.04"]
[PlyCount "0"]

1.e4 c5 2.Nf3 d6 3.c3 Nf6 4.e5 dxe5 5.Nxe5 Nbd7 6.Bb5 a6 7.Nxd7 axb5 8.
Nxf6+ gxf6 9.d4 Qd5 10.Qf3 Qxf3 11.gxf3 cxd4 12.cxd4 Be6 13.Nc3 b4 14.d5 
Bd7 15.Ne4 Ra5 16.Bd2 Rxd5 17.Bxb4 Bc6 18.Rd1 Rxd1+ 19.Kxd1 f5 20.Nd2 Rg8 
21.Ke2 Rg6 22.Rc1 Rh6 23.Rg1 Rxh2 24.b3 f6 25.a4 Kf7 26.Bc5 Bh6 27.Nf1 Rh3
28.Rg3 Rh1 29.Nd2 Bf4 30.Rg2 h5 31.Be3 Bd6 32.Bh6 h4 33.Rg7+ Ke6 34.Nc4 h3
35.Rh7 h2 36.Be3 Bc7 37.Bc5 Rc1 38.Bd6 Bxd6 0-1

[Event "N1 Reykjavik Open 2014"]
[Site "Reykjavik, Iceland"]
[Date "2014.03.04"]
[Round "1.15"]
[White "Hansen, Lars-Henrik Bech"]
[Black "Hansen, Eric"]
[Result "0-1"]
[WhiteElo "2022"]
[BlackElo "2587"]
[EventDate "2014.03.04"]
[PlyCount "0"]

1.e4 c5 2.Nf3 e6 3.d4 cxd4 4.Nxd4 a6 5.Nc3 Qc7 6.Bd3 Nf6 7.O-O Bc5 8.Nb3 
Be7 9.f4 d6 10.Kh1 Nc6 11.Qf3 Rb8 12.Bd2 b5 13.a3 Bb7 14.Rfe1 h5 15.Qh3 
Ba8 16.Re2 b4 17.axb4 Nxb4 18.Nb5 Rxb5 19.Bxb5+ axb5 20.Bxb4 Qc4 21.Qd3 
Qxb4 22.Nd4 O-O 23.e5 dxe5 24.fxe5 Nd7 25.c3 Qc4 26.Rd1 Qxd3 27.Rxd3 Bd5 
28.Nxb5 Bc4 0-1

[Event "N1 Reykjavik Open 2014"]
[Site "Reykjavik, Iceland"]
[Date "2014.03.04"]
[Round "1.16"]
[White "Klyszcz, Michael"]
[Black "Stefansson, Hannes"]
[Result "0-1"]
[WhiteElo "2011"]
[BlackElo "2541"]
[EventDate "2014.03.04"]
[PlyCount "0"]

1.e4 c5 2.b3 b6 3.Bb2 Bb7 4.Nc3 Nf6 5.Qe2 Nc6 6.Nf3 e5 7.d3 Nd4 8.Nxd4 
cxd4 9.Nd5 Nxd5 10.exd5 Bb4+ 11.Kd1 O-O 12.a3 Bd6 13.Qf3 Rc8 0-1

[Event "N1 Reykjavik Open 2014"]
[Site "Reykjavik, Iceland"]
[Date "2014.03.04"]
[Round "1.17"]
[White "Molner, Mackenzie"]
[Black "Omtvedt, Per"]
[Result "1-0"]
[WhiteElo "2528"]
[BlackElo "2008"]
[EventDate "2014.03.04"]
[PlyCount "0"]

1.e4 c5 2.Nf3 e6 3.d4 cxd4 4.Nxd4 Nc6 5.Nc3 Qc7 6.Be3 a6 7.Qd2 Nf6 8.O-O-O
b5 9.Nxc6 Qxc6 10.f3 Bb7 11.Bd3 Bb4 12.Bd4 Bc5 13.Bxc5 Qxc5 14.g4 O-O-O 
15.Qf4 Rhf8 16.e5 Nd5 17.Nxd5 Bxd5 18.Be4 Qc4 19.b3 Qb4 20.Qe3 Bxe4 21.
fxe4 d5 22.exd6 Rxd6 23.Rxd6 Qxd6 24.Qc3+ Kb8 25.Qxg7 Qf4+ 26.Kb1 Rc8 27.
Qd4 Kb7 28.h3 Qf3 29.Rh2 Qg3 30.Qf2 Qe5 31.Qxf7+ Rc7 32.Qf2 Qxe4 33.Qe2 
Qxe2 34.Rxe2 Re7 35.Re5 Kc6 36.Kc1 Kd6 37.Rh5 e5 38.Rh6+ Kd5 39.Rxa6 Ke4 
40.Kd2 Kf3 41.Rf6+ Kg3 42.g5 Kxh3 43.g6 h5 44.Rf7 Re6 45.Rf5 Kg4 46.g7 Rg6
47.Rf1 Kh3 48.Rh1+ Kg2 49.Rxh5 Rxg7 50.Rxe5 1-0

[Event "N1 Reykjavik Open 2014"]
[Site "Reykjavik, Iceland"]
[Date "2014.03.04"]
[Round "1.19"]
[White "Pavlovic, Milos"]
[Black "Svensson, Lars-Ake"]
[Result "1-0"]
[WhiteElo "2506"]
[BlackElo "2007"]
[EventDate "2014.03.04"]
[PlyCount "0"]

1.d4 f5 2.Nf3 g6 3.h4 Nf6 4.Bg5 Bg7 5.Nbd2 d6 6.Bxf6 exf6 7.h5 Be6 8.e3 c6
9.Bd3 Nd7 10.hxg6 hxg6 11.Rxh8+ Bxh8 12.Nh4 Nf8 13.Nxg6 Nxg6 14.Qh5 Kf7 
15.g4 Ke7 16.gxf5 Qg8 17.fxg6 Bg7 18.O-O-O Qh8 19.Qf3 Qd8 20.Ne4 Qa5 21.a3
Rh8 22.Qf4 Qd8 23.Ng3 d5 24.Bf5 Qd6 25.Bxe6 Qxe6 26.Nf5+ 1-0

[Event "N1 Reykjavik Open 2014"]
[Site "Reykjavik, Iceland"]
[Date "2014.03.04"]
[Round "1.20"]
[White "Carvalho Beserra, Juan Pablo"]
[Black "Kristjansson, Stefan"]
[Result "0-1"]
[WhiteElo "2005"]
[BlackElo "2503"]
[EventDate "2014.03.04"]
[PlyCount "0"]

1.e4 c5 2.Nf3 e6 3.d4 cxd4 4.Nxd4 Nc6 5.Nc3 Qc7 6.Be3 a6 7.a3 Nf6 8.f3 b5 
9.Qd2 Ne5 10.O-O-O b4 11.axb4 Bxb4 12.Bf4 O-O 13.g4 d6 14.Bg5 Nfd7 15.f4 
Nc4 16.Bxc4 Qxc4 17.Nde2 Re8 18.Qd3 Qc7 19.Rhf1 Rb8 20.Rf3 Qb6 21.Nd4 Nc5 
22.Qe3 Bxc3 23.bxc3 Qb2+ 24.Kd2 Bb7 25.Ke1 Bxe4 26.Rf2 Ba8 27.Nc6 Bxc6 28.
Rxd6 Bd5 29.Qxc5 Qc1+ 30.Ke2 Qxc2+ 31.Ke3 Qe4+ 32.Kd2 Rb2+ 0-1

[Event "N1 Reykjavik Open 2014"]
[Site "Reykjavik, Iceland"]
[Date "2014.03.04"]
[Round "1.21"]
[White "Danielsen, Henrik"]
[Black "Murray, Michael A."]
[Result "1-0"]
[WhiteElo "2501"]
[BlackElo "2004"]
[EventDate "2014.03.04"]
[PlyCount "0"]

1.d4 Nc6 2.Bg5 f6 3.Bh4 d5 4.e3 Bf5 5.Nf3 e6 6.Bg3 Bd6 7.Be2 Nge7 8.O-O 
Bxg3 9.hxg3 Nc8 10.c4 dxc4 11.Bxc4 Nd6 12.Bb3 Qe7 13.Ba4 O-O 14.Bxc6 bxc6 
15.Nc3 Rab8 16.b3 Rfd8 17.Qc1 c5 18.dxc5 Ne4 19.Nd4 Nxc3 20.Qxc3 Be4 21.
Rfd1 e5 22.Ne2 Bc6 23.Qc4+ Kf8 24.Nc3 a5 25.Rac1 g6 26.a3 Kg7 27.b4 axb4 
28.axb4 Be8 29.b5 Bf7 30.Qb4 f5 31.Rxd8 Rxd8 32.Rd1 g5 33.Rxd8 Qxd8 34.b6 
cxb6 35.cxb6 Qd2 36.b7 1-0

[Event "N1 Reykjavik Open 2014"]
[Site "Reykjavik, Iceland"]
[Date "2014.03.04"]
[Round "1.26"]
[White "Haldorsen, Benjamin"]
[Black "Harika, Dronavalli"]
[Result "0-1"]
[WhiteElo "1994"]
[BlackElo "2487"]
[EventDate "2014.03.04"]
[PlyCount "0"]

1.e4 Nf6 2.e5 Nd5 3.d4 d6 4.Nf3 g6 5.c4 Nb6 6.Nc3 Bg7 7.exd6 cxd6 8.Be3 
O-O 9.Be2 Bg4 10.Rc1 Nc6 11.b3 d5 12.c5 Nc8 13.O-O e6 14.Qd2 Bxf3 15.Bxf3 
N8e7 16.g3 Nf5 17.Ne2 Qf6 18.Rcd1 h6 19.Bg2 Kh7 20.b4 a6 21.a4 Rfd8 22.Qc3
Qe7 23.Qb3 Qe8 24.Rfe1 Qh8 25.Qb2 Rd7 26.b5 Na5 27.Rc1 axb5 28.axb5 Nc4 
29.Rxc4 dxc4 30.c6 bxc6 31.Bxc6 Rad8 32.Bxd7 Rxd7 33.b6 Nxd4 34.Nxd4 Bxd4 
35.Bxd4 Qxd4 36.Qxd4 Rxd4 37.Kf1 c3 38.Rc1 Rb4 39.Rxc3 Rxb6 40.Ke2 h5 41.
h4 Kg7 42.Ra3 Rb4 43.Ra7 Kf6 44.Ra5 e5 45.Ra7 Ke6 46.Ra6+ Kf5 47.Ra7 f6 
48.Rh7 Rb2+ 49.Ke3 Ra2 50.Rh8 Ra6 51.Rf8 Kg4 52.Re8 Kh3 53.Re7 Kg2 54.Rg7 
f5 55.Re7 Ra3+ 56.Ke2 f4 57.Rxe5 f3+ 58.Kd2 Kxf2 0-1

[Event "N1 Reykjavik Open 2014"]
[Site "Reykjavik, Iceland"]
[Date "2014.03.04"]
[Round "1.30"]
[White "Sigurdsson, Sverrir"]
[Black "Panjwani, Raja"]
[Result "0-1"]
[WhiteElo "1980"]
[BlackElo "2460"]
[EventDate "2014.03.04"]
[PlyCount "0"]

1.e4 g6 2.d4 Bg7 3.Nf3 d6 4.Nc3 c6 5.Be2 Nd7 6.O-O Qc7 7.Be3 Ngf6 8.Qd2 
O-O 9.Bh6 b5 10.Bxg7 Kxg7 11.a3 a6 12.h3 c5 13.dxc5 Qxc5 14.Qd4 e5 15.Qb4 
Qc7 16.Bd3 Nc5 17.Rfe1 Bd7 18.Ne2 a5 19.Qc3 Qb6 20.Ng3 b4 21.axb4 axb4 22.
Qd2 b3 23.c3 Ra2 24.Rab1 h6 25.Bc4 Ra4 26.Bd3 Be6 27.Rbd1 Rd8 28.Bb1 Ra1 
29.Qe3 Rb8 30.Rd2 Na4 31.Qxb6 Nxb6 32.Rxd6 Nc4 33.Rc6 Nd7 34.Rc7 Nxb2 35.
Kh2 Nc4 36.Bd3 Rxe1 37.Nxe1 b2 0-1

[Event "N1 Reykjavik Open 2014"]
[Site "Reykjavik, Iceland"]
[Date "2014.03.04"]
[Round "1.31"]
[White "Hamitevici, Vladimir"]
[Black "Mare, Eben"]
[Result "1-0"]
[WhiteElo "2456"]
[BlackElo "1967"]
[EventDate "2014.03.04"]
[PlyCount "0"]

1.d4 Nf6 2.Bf4 e6 3.e3 d5 4.Nd2 Bd6 5.Bg3 O-O 6.Bd3 Nbd7 7.f4 c5 8.c3 c4 
9.Bc2 b5 10.a3 Rb8 11.Ngf3 Bb7 12.O-O a5 13.Ne5 Ne4 14.Nxe4 dxe4 15.a4 
Bxe5 16.fxe5 b4 17.Qg4 Qe7 18.Bh4 f6 19.cxb4 axb4 20.Bxe4 Bxe4 21.Qxe4 g5 
22.Qg4 h5 23.Qg3 Kh8 24.exf6 gxh4 25.Qxb8 Qh7 26.Qb5 h3 27.Rf2 c3 28.bxc3 
bxc3 29.Rc1 hxg2 30.Qc6 h4 31.Qxe6 h3 32.Rf3 1-0

[Event "N1 Reykjavik Open 2014"]
[Site "Reykjavik, Iceland"]
[Date "2014.03.04"]
[Round "1.32"]
[White "Thorsteinsdottir, Hallgerdur"]
[Black "Lie, Espen"]
[Result "0-1"]
[WhiteElo "1967"]
[BlackElo "2456"]
[EventDate "2014.03.04"]
[PlyCount "0"]

1.e4 Nf6 2.e5 Nd5 3.c4 Nb6 4.d4 d6 5.exd6 exd6 6.Nc3 Be7 7.h3 O-O 8.Nf3 
Bf5 9.Bd3 Qd7 10.b3 Nc6 11.a3 Bf6 12.Bxf5 Qxf5 13.O-O Rfe8 14.Bb2 d5 15.c5
Nc8 16.b4 a6 17.Qd2 N8e7 18.Ne2 Ng6 19.a4 Qd7 20.Bc3 Re4 21.Ng3 Rf4 22.Nh5
Rxf3 23.gxf3 Qxh3 24.Nf4 Qxf3 25.Nxg6 Qg4+ 26.Kh1 Qh5+ 27.Kg2 Qxg6+ 28.Kh1
Qh5+ 29.Kg2 Qg4+ 30.Kh1 Bxd4 31.Bxd4 Nxd4 0-1

[Event "N1 Reykjavik Open 2014"]
[Site "Reykjavik, Iceland"]
[Date "2014.03.04"]
[Round "1.34"]
[White "Saraiva, Alexandre Pacheco"]
[Black "Browne, Walter S."]
[Result "0-1"]
[WhiteElo "1963"]
[BlackElo "2444"]
[EventDate "2014.03.04"]
[PlyCount "0"]

1.e4 c5 2.Nf3 Nc6 3.Bb5 g6 4.O-O Bg7 5.Nc3 Nd4 6.Bc4 e6 7.Re1 Ne7 8.d3 O-O
9.a4 d5 10.Ba2 h6 11.h4 Nec6 12.g3 Nb4 13.Bb1 e5 14.Nh2 Be6 15.exd5 Nxd5 
16.Ne4 b6 17.c3 Nc6 18.Qe2 Qd7 19.Nd2 Rad8 20.Rd1 Rfe8 21.Bc2 Ndb4 22.Ndf3
Nxc2 23.Qxc2 Bf5 24.Ne1 c4 25.Be3 cxd3 26.Qd2 Na5 27.Bxh6 Nb3 28.Qe3 Nxa1 
29.Rxa1 d2 0-1

[Event "N1 Reykjavik Open 2014"]
[Site "Reykjavik, Iceland"]
[Date "2014.03.04"]
[Round "1.35"]
[White "Kjartansson, Gudmundur"]
[Black "Longo, Tyler"]
[Result "1-0"]
[WhiteElo "2441"]
[BlackElo "1961"]
[EventDate "2014.03.04"]
[PlyCount "0"]

1.c4 e6 2.g3 Nf6 3.Bg2 a6 4.b3 c5 5.Nf3 Be7 6.O-O O-O 7.Bb2 d6 8.d4 cxd4 
9.Nxd4 Qc7 10.Nc3 Bd7 11.Rc1 Nc6 12.Nd5 Qd8 13.Nxe7+ Qxe7 14.Ba3 Rfd8 15.
Nc2 Be8 16.Qd2 Qd7 17.Bb2 Qe7 18.Rfd1 d5 19.Bxf6 Qxf6 20.cxd5 exd5 21.Bxd5
Ne7 22.e4 Nxd5 23.exd5 Rd6 24.Qd4 Qf5 25.Ne3 Qh3 26.Qg4 Qxg4 27.Nxg4 f5 
28.Ne3 f4 29.gxf4 Bh5 30.Rd4 Rf8 31.h3 Bf3 32.Kh2 g6 33.Kg3 Be2 34.Rc2 Bb5
35.a4 Bc6 36.Rb4 Bxd5 37.Rd2 1-0

[Event "N1 Reykjavik Open 2014"]
[Site "Reykjavik, Iceland"]
[Date "2014.03.04"]
[Round "1.36"]
[White "Bjornsson, Eirikur K."]
[Black "Ezat, Mohamed"]
[Result "0-1"]
[WhiteElo "1958"]
[BlackElo "2439"]
[EventDate "2014.03.04"]
[PlyCount "0"]

1.d4 Nf6 2.c4 c5 3.d5 e5 4.Nc3 d6 5.e4 g6 6.Nf3 Bg7 7.Be2 O-O 8.Bg5 h6 9.
Bh4 Qb6 10.Rb1 Nh5 11.O-O Nf4 12.Ne1 f5 13.f3 Nd7 14.a3 Bf6 15.Bf2 Qd8 16.
Nd3 Bg5 17.b4 h5 18.bxc5 Nxd3 19.Bxd3 Nxc5 20.Na4 fxe4 21.Nxc5 exd3 22.Ne4
b6 23.Qxd3 Bf5 24.a4 Rc8 25.a5 bxa5 26.Rb7 Rf7 27.Rfb1 Rxb7 28.Rxb7 Rc7 
29.Rb5 a4 30.g4 hxg4 31.fxg4 Bxe4 32.Qxe4 Qf6 33.Ra5 Rf7 34.Qe2 Bh4 35.
Bxa7 Qd8 36.c5 Qxa5 37.Bb6 Qe1+ 38.Qxe1 Bxe1 39.c6 a3 40.c7 Rxc7 0-1

[Event "N1 Reykjavik Open 2014"]
[Site "Reykjavik, Iceland"]
[Date "2014.03.04"]
[Round "1.37"]
[White "Thorhallsson, Throstur"]
[Black "Danielsson, Sigurdur"]
[Result "1-0"]
[WhiteElo "2435"]
[BlackElo "1953"]
[EventDate "2014.03.04"]
[PlyCount "0"]

1.e4 e5 2.Nf3 Nc6 3.Bc4 Be7 4.d4 exd4 5.c3 dxc3 6.Qd5 Nh6 7.Bxh6 O-O 8.
Nxc3 gxh6 9.Qh5 Kg7 10.h4 d6 11.g4 Be6 12.Bd5 Bf6 13.g5 Bxc3+ 14.bxc3 Bxd5
15.exd5 Qe7+ 16.Kf1 Ne5 17.Re1 hxg5 18.Nxg5 h6 19.Rg1 Rh8 20.Rxe5 dxe5 21.
Ne6+ 1-0

[Event "N1 Reykjavik Open 2014"]
[Site "Reykjavik, Iceland"]
[Date "2014.03.04"]
[Round "1.38"]
[White "Djurhuus, Eivind X"]
[Black "Norowitz, Yaacov"]
[Result "0-1"]
[WhiteElo "1953"]
[BlackElo "2430"]
[EventDate "2014.03.04"]
[PlyCount "0"]

1.c4 c5 2.Nf3 b6 3.g3 Bb7 4.Bg2 g6 5.O-O Bg7 6.Nc3 Nf6 7.d4 Ne4 8.Nxe4 
Bxe4 9.d5 O-O 10.Nd2 Bxg2 11.Kxg2 d6 12.e4 Nd7 13.f4 b5 14.cxb5 Qa5 15.a4 
a6 16.bxa6 Qxa6 17.Ra2 c4 18.Qe2 Rfc8 19.Ra3 Rc7 20.b4 cxb3 21.Qxa6 Rxa6 
22.Nxb3 Rc4 23.Kf3 Rcxa4 24.Rxa4 Rxa4 25.Be3 f5 26.exf5 gxf5 27.Rc1 Ra3 
28.Rb1 Bc3 29.Kg2 Kf7 30.Bd4 Rxb3 31.Rxb3 Bxd4 32.Rd3 Bc5 33.h3 Nf6 34.Kf3
h5 35.Rd2 Ke8 36.Rd3 Kd7 37.Ke2 Kc7 38.Kd2 Ne4+ 39.Kc2 Bf2 40.Rf3 Bxg3 41.
Kd3 h4 42.Kd4 Kd7 0-1

[Event "N1 Reykjavik Open 2014"]
[Site "Reykjavik, Iceland"]
[Date "2014.03.04"]
[Round "1.44"]
[White "Mehringer, Joerg"]
[Black "Aravindh, Chithambaram Vr."]
[Result "0-1"]
[WhiteElo "1927"]
[BlackElo "2395"]
[EventDate "2014.03.04"]
[PlyCount "0"]

1.e4 c5 2.Nc3 Nc6 3.g3 e6 4.Bg2 Nf6 5.Nge2 d5 6.exd5 exd5 7.d4 cxd4 8.Nxd4
Be7 9.O-O O-O 10.Bf4 Bg4 11.Qd2 Qd7 12.Rfe1 Rfe8 13.a3 Rac8 14.Nf3 d4 15.
Ne4 Nxe4 16.Rxe4 Bf5 17.Ree1 f6 18.h4 h6 19.h5 Bg4 20.Bxh6 Bxh5 21.Bf4 g5 
22.g4 Bxg4 23.Bg3 Kg7 24.c3 d3 25.Re3 Bf5 26.b4 Bf8 27.Rae1 Rxe3 28.Rxe3 
Re8 29.Rxe8 Qxe8 30.Bf1 Qe4 31.Ne1 Ne5 32.Bg2 Qg4 33.Bxe5 fxe5 34.Nxd3 e4 
35.Nc5 Bxc5 36.bxc5 Qf4 37.Qd4+ Kg6 38.Qb4 Qc1+ 39.Kh2 Qd2 40.Qxb7 Qxf2 
41.Qc6+ Kh5 42.Kh1 e3 43.Qf3+ Kh4 44.Kh2 g4 45.Qxf2+ exf2 46.c6 Be4 47.c7 
g3+ 0-1

[Event "N1 Reykjavik Open 2014"]
[Site "Reykjavik, Iceland"]
[Date "2014.03.04"]
[Round "1.49"]
[White "Arngrimsson, Dagur"]
[Black "Meier, Gerd"]
[Result "1-0"]
[WhiteElo "2382"]
[BlackElo "1901"]
[EventDate "2014.03.04"]
[PlyCount "0"]

1.d4 Nf6 2.Nf3 e6 3.g3 b6 4.Bg2 Bb7 5.O-O Be7 6.c4 O-O 7.Nc3 Ne4 8.Qc2 
Nxc3 9.Qxc3 d6 10.Rd1 Nd7 11.b3 Bf6 12.Bb2 c5 13.Qd2 cxd4 14.Bxd4 Bxd4 15.
Qxd4 d5 16.cxd5 exd5 17.Nh4 Nf6 18.Nf5 Re8 19.e3 g6 20.Nh6+ Kg7 21.Ng4 h5 
22.Nxf6 Qxf6 23.Qxf6+ Kxf6 24.Bxd5 Bxd5 25.Rxd5 Rac8 26.Rd7 a6 27.Rad1 Re6
28.Ra7 a5 29.Rdd7 Rf8 30.Rac7 g5 31.h3 Kg6 32.Kg2 Kf6 33.Rd5 Rb8 34.Kf3 
Kg6 35.Ke2 Rf6 36.Rc4 Re8 37.h4 g4 38.a4 Rfe6 39.Rf4 f6 40.Rc4 Rf8 41.Rc7 
Rb8 42.Rdd7 Rg8 43.Kd3 Rb8 44.Rg7+ Kf5 45.Rh7 Rd8+ 46.Kc3 Ke4 47.Rxh5 Red6
48.Rc4+ Kf3 49.Rf5+ Ke2 50.Kb2 Rd2+ 51.Rc2 Rxc2+ 52.Kxc2 Rc8+ 53.Kb2 Kd1 
54.Rd5+ Ke2 55.Rd4 Kxf2 56.Rxg4 Kxe3 57.Rf4 Rg8 58.Rxf6 Rxg3 59.Rxb6 Rh3 
60.Rb5 Rxh4 61.Rxa5 Kd4 62.Rb5 Rh2+ 63.Ka3 Kc3 64.Rc5+ Kd4 65.Rc1 1-0

[Event "N1 Reykjavik Open 2014"]
[Site "Reykjavik, Iceland"]
[Date "2014.03.04"]
[Round "1.50"]
[White "Haraldsson, Oskar"]
[Black "Abrahamyan, Tatev"]
[Result "0-1"]
[WhiteElo "1897"]
[BlackElo "2376"]
[EventDate "2014.03.04"]
[PlyCount "0"]

1.e4 e6 2.c4 d5 3.exd5 exd5 4.cxd5 Nf6 5.Bb5+ Nbd7 6.Nc3 Bd6 7.Nf3 O-O 8.
O-O Nb6 9.d4 Nfxd5 10.Ne5 f6 11.Nc4 c6 12.Nxd6 Qxd6 13.Ne4 Qc7 14.Bd3 Bf5 
15.Qf3 Bg6 16.h4 Qf7 17.Nd6 Qd7 18.Nf5 Ne7 19.Nxe7+ Qxe7 20.Bxg6 hxg6 21.
Qg4 Qf7 22.Re1 Rad8 23.b3 Nd5 24.Ba3 Rfe8 25.Kf1 f5 26.Rxe8+ Rxe8 27.Qg5 
Re4 28.Re1 Rxe1+ 29.Kxe1 Qe6+ 30.Kd2 Qe4 31.Bb2 Nf4 32.Qg3 Qe2+ 33.Kc1 
Nd3+ 0-1

[Event "N1 Reykjavik Open 2014"]
[Site "Reykjavik, Iceland"]
[Date "2014.03.04"]
[Round "1.51"]
[White "Cawdery, Daniel"]
[Black "Gardarsson, Halldor"]
[Result "1-0"]
[WhiteElo "2362"]
[BlackElo "1895"]
[EventDate "2014.03.04"]
[PlyCount "0"]

1.e4 e5 2.Nf3 Nc6 3.Bc4 Be7 4.d4 exd4 5.c3 d3 6.Qb3 Na5 7.Bxf7+ Kf8 8.Qa4 
Kxf7 9.Qxa5 d6 10.Qd5+ Ke8 11.Qxd3 Nf6 12.O-O c6 13.c4 Qc7 14.Nc3 Ng4 15.
Bf4 Ne5 16.Nxe5 dxe5 17.Be3 Be6 18.Qe2 g6 19.Rac1 Rf8 20.Rfd1 Qa5 21.Bh6 
Rf7 22.Nd5 Bc5 23.Be3 Bxe3 24.Qxe3 Rd8 25.Qg3 cxd5 26.cxd5 Qb6 27.dxe6 
Rxd1+ 28.Rxd1 Qxe6 29.Rd5 Re7 30.h3 Kf7 31.b3 b6 32.Qd3 Qc6 33.g3 Kg7 34.
Kg2 h5 35.Qd2 Qf6 36.Rd6 Re6 37.Rd7+ Re7 38.Qd5 Rxd7 39.Qxd7+ Qf7 40.Qxf7+
Kxf7 1-0

[Event "N1 Reykjavik Open 2014"]
[Site "Reykjavik, Iceland"]
[Date "2014.03.04"]
[Round "1.54"]
[White "Kilthau, Peter"]
[Black "Gullaksen, Eirik"]
[Result "0-1"]
[WhiteElo "1886"]
[BlackElo "2359"]
[EventDate "2014.03.04"]
[PlyCount "0"]

1.e4 c5 2.Nf3 Nc6 3.Bc4 g6 4.d4 cxd4 5.c3 d3 6.Qxd3 Bg7 7.O-O Qc7 8.Bb3 
Nf6 9.Re1 O-O 10.Bg5 d6 11.h3 Bd7 12.Na3 Na5 13.Bc2 Rac8 14.Rad1 Rfd8 15.
Qe3 a6 16.e5 dxe5 17.Nxe5 Be6 18.Bf4 Rxd1 19.Rxd1 Rd8 20.Nxf7 Rxd1+ 21.
Bxd1 Qd7 22.Ba4 b5 23.Ne5 Qc8 24.Bd1 Nd5 25.Qd2 Nxf4 26.Qxf4 Bxa2 27.Bg4 
Be6 28.Nc2 Bxg4 29.Nxg4 Nc4 30.Qc1 Qd7 31.Nge3 Bh6 32.Qd1 Qxd1+ 33.Nxd1 
Bc1 34.Nb4 Nxb2 35.Ne3 Bxe3 36.fxe3 a5 37.Nc6 a4 38.Nxe7+ Kf7 39.Nd5 Nd1 
0-1

[Event "N1 Reykjavik Open 2014"]
[Site "Reykjavik, Iceland"]
[Date "2014.03.04"]
[Round "1.59"]
[White "Englert, Fabian"]
[Black "Johannsdottir, Johanna Bjorg"]
[Result "1-0"]
[WhiteElo "2317"]
[BlackElo "1865"]
[EventDate "2014.03.04"]
[PlyCount "0"]

1.d4 d5 2.Nf3 Nf6 3.Bg5 e6 4.e3 Nbd7 5.Nbd2 Be7 6.Bd3 c5 7.c3 b6 8.O-O Bb7
9.Ne5 Ne4 10.Bxe7 Qxe7 11.Nxe4 dxe4 12.Bb5 Bc8 13.dxc5 bxc5 14.Qa4 f6 15.
Nxd7 Bxd7 16.Rad1 Rd8 17.Rxd7 Rxd7 18.Rd1 1-0

[Event "N1 Reykjavik Open 2014"]
[Site "Reykjavik, Iceland"]
[Date "2014.03.04"]
[Round "1.61"]
[White "Gislason, Gudmundur"]
[Black "Traustason, Ingi Tandri"]
[Result "1-0"]
[WhiteElo "2314"]
[BlackElo "1854"]
[EventDate "2014.03.04"]
[PlyCount "0"]

1.Nf3 d5 2.g3 c5 3.Bg2 Nc6 4.d4 e6 5.O-O Nf6 6.c4 cxd4 7.Nxd4 Nxd4 8.Qxd4 
Be7 9.cxd5 exd5 10.Nc3 Be6 11.Rd1 Qa5 12.a3 Rd8 13.b4 Qa6 14.b5 Qb6 15.Be3
Qxd4 16.Bxd4 b6 17.a4 O-O 18.a5 Ne4 19.Bxe4 dxe4 20.axb6 axb6 21.Bxb6 Rb8 
22.Bc7 Rb7 23.b6 f5 24.Ra7 Rxa7 25.bxa7 Ra8 26.Bb6 Bf6 27.Nd5 Be5 28.Ne7+ 
Kf7 29.Nc6 Bf6 30.Bc7 Be7 31.Nxe7 Kxe7 32.Bb8 Bd7 33.f3 exf3 34.exf3 Bc6 
35.Kf2 h6 36.Ke3 Bb5 37.Kf4 Bd7 38.Ke5 Bc6 39.f4 Be4 40.Rc1 Kf7 41.g4 Bf3 
42.gxf5 h5 43.Rc7+ Kg8 44.f6 gxf6+ 45.Kxf6 1-0